[Event "Heusenstamm Schloss op"]
[Site "Heusenstamm"]
[Date "2023.11.25"]
[Round "5"]
[White "Euler, Gerd"]
[Black "Valean, David Andrei"]
[Result "1-0"]
[WhiteElo "2236"]
[BlackElo "1572"]
[PlyCount "100"]
[EventDate "2023.11.23"]
[EventType "swiss"]
[EventRounds "7"]
[EventCountry "GER"]
[SourceTitle "CB50_2023"]
[SourceDate "2023.12.13"]
[SourceVersion "1"]
[SourceVersionDate "2023.12.13"]
[SourceQuality "1"]

1. Nf3 Nf6 2. d4 d5 3. c4 c6 4. Nc3 e6 5. e3 Bd6 6. Qc2 Nbd7 7. g4 b6 8. g5 Nh5 9. Bd2 Qe7 10. 0-0-0 Bb7 11. Be2 g6 12. Rhg1 Bc7 13. Kb1 0-0-0 14. Rc1 dxc4 15. Bxc4 Kb8 16. Rg4 Ng7 17. Be2 Rc8 18. Qa4 f5 19. gxf6 Nxf6 20. Rgg1 Rhd8 21. e4 Qd7 22. Bg5 Rf8 23. Ne5 Qe8 24. Bh6 Rg8 25. Be3 Bxe5 26. dxe5 Nd7 27. Rgd1 Rf8 28. Qd4 Rf7 29. Qd6+ Ka8 30. Qa3 Kb8 31. Qd6+ Ka8 32. Bh6 Qf8 33. Qxd7 Rxd7 34. Rxd7 Qxf2 35. Bxg7 Qxh2 36. Rf1 Re8 37. Rff7 Bc8 38. Rxa7+ Kb8 39. Bf6 h5 40. Rh7 b5 41. Ra3 Bb7 42. Rb3 Rc8 43. a4 Rc7 44. Rh8+ Rc8 45. Rh6 bxa4 46. Rb4 Qg1+ 47. Ka2 c5 48. Rxa4 Rg8 49. Rh7 Rc8 50. Be7 Rc7 1-0

[Event "Heusenstamm Schloss op"]
[Site "Heusenstamm"]
[Date "2023.11.25"]
[Round "4"]
[White "Wenzel, Calvin"]
[Black "Euler, Gerd"]
[Result "1-0"]
[WhiteElo "1993"]
[BlackElo "2236"]
[PlyCount "99"]
[EventDate "2023.11.23"]
[EventType "swiss"]
[EventRounds "7"]
[EventCountry "GER"]
[SourceTitle "CB50_2023"]
[SourceDate "2023.12.13"]
[SourceVersion "1"]
[SourceVersionDate "2023.12.13"]
[SourceQuality "1"]

1. e4 c5 2. Nf3 Nc6 3. d4 cxd4 4. Nxd4 e6 5. Nc3 Qc7 6. Be3 a6 7. Qf3 Nf6 8. Qg3 Qxg3 9. hxg3 Bb4 10. f3 d5 11. 0-0-0 Ne7 12. e5 Nd7 13. f4 Nf8 14. Na4 Nd7 15. a3 Ba5 16. Nb3 Bc7 17. Bd3 b5 18. Nac5 Nf8 19. Rde1 f6 20. Bd4 Kf7 21. g4 Nc6 22. g5 Nxd4 23. Nxd4 Bb6 24. b4 Bxc5 25. bxc5 Ra7 26. Rh3 Rc7 27. c6 f5 28. Be2 Kg8 29. Bh5 g6 30. Be2 h6 31. Reh1 h5 32. Kb2 Rhh7 33. Kb3 Kf7 34. Kb4 Ke7 35. Ra1 Kd8 36. a4 bxa4 37. Rxa4 Ra7 38. Ka5 Rhc7 39. Rb4 Ra8 40. Rb6 Rca7 41. Nb3 Rh7 42. Nc5 Rha7 43. Rd3 Kc7 44. Rdb3 Kd8 45. Rb8 Rxb8 46. Rxb8 Kc7 47. Rb6 h4 48. Bxa6 Ra8 49. Kb5 d4 50. Bxc8 1-0

[Event "Marburg op-A"]
[Site "Marburg"]
[Date "2023.10.28"]
[Round "5"]
[White "Euler, Gerd"]
[Black "Burkart, Lloyd Shang"]
[Result "0-1"]
[WhiteElo "2251"]
[BlackElo "2027"]
[PlyCount "46"]
[EventDate "2023.10.26"]
[EventType "swiss"]
[EventRounds "7"]
[EventCountry "GER"]
[SourceTitle "CB49_2023"]
[SourceDate "2023.12.06"]
[SourceVersion "1"]
[SourceVersionDate "2023.12.06"]
[SourceQuality "1"]

1. e4 c5 2. Nf3 d6 3. d4 cxd4 4. Nxd4 Nf6 5. f3 e5 6. Nb3 Be6 7. c4 Nbd7 8. Be3 Rc8 9. N1d2 Be7 10. Be2 Nc5 11. 0-0 0-0 12. Nc1 a6 13. g3 Qc7 14. b4 Ncd7 15. Ncb3 Qb8 16. a4 b5 17. axb5 axb5 18. cxb5 d5 19. Na5 d4 20. Bf2 Bxb4 21. Nc6 Qd6 22. Nc4 Bxc4 23. Bxc4 Nb8 0-1

[Event "Marburg op-A"]
[Site "Marburg"]
[Date "2023.10.27"]
[Round "3"]
[White "Euler, Gerd"]
[Black "Rahimi, Rahim"]
[Result "1-0"]
[WhiteElo "2251"]
[BlackElo "2045"]
[PlyCount "81"]
[EventDate "2023.10.26"]
[EventType "swiss"]
[EventRounds "7"]
[EventCountry "GER"]
[SourceTitle "CB49_2023"]
[SourceDate "2023.12.06"]
[SourceVersion "1"]
[SourceVersionDate "2023.12.06"]
[SourceQuality "1"]

1. e4 c6 2. d4 g6 3. Nc3 d5 4. h3 Bg7 5. Nf3 dxe4 6. Nxe4 Nf6 7. Nxf6+ Bxf6 8. Bc4 Qd6 9. 0-0 0-0 10. Bh6 Rd8 11. Re1 e6 12. Qe2 Nd7 13. Ne5 Nb6 14. Bb3 Qe7 15. Rad1 Re8 16. Qf3 Bg7 17. Bxg7 Kxg7 18. Re4 Rf8 19. c4 f6 20. Nd3 Bd7 21. Rde1 Rae8 22. Qe3 Bc8 23. Nc5 Qd8 24. Rh4 g5 25. Re4 e5 26. dxe5 f5 27. Rd4 Qe7 28. Rd6 Qxd6 29. exd6 Rxe3 30. Rxe3 Kf6 31. Re7 Rf7 32. Re8 Nd7 33. Ne6 c5 34. Nxc5 Nxc5 35. Rxc8 b6 36. Bc2 Ke6 37. b4 Na6 38. c5 Kd7 39. Ra8 Kc6 40. Ba4+ Kb7 41. Re8 1-0

[Event "Marburg op-A"]
[Site "Marburg"]
[Date "2023.10.26"]
[Round "1"]
[White "Euler, Gerd"]
[Black "Paschkewitz, Stefan"]
[Result "1-0"]
[WhiteElo "2251"]
[BlackElo "1856"]
[PlyCount "57"]
[EventDate "2023.10.26"]
[EventType "swiss"]
[EventRounds "7"]
[EventCountry "GER"]
[SourceTitle "CB49_2023"]
[SourceDate "2023.12.06"]
[SourceVersion "1"]
[SourceVersionDate "2023.12.06"]
[SourceQuality "1"]

1. e4 Nf6 2. e5 Nd5 3. d4 d6 4. Bc4 dxe5 5. dxe5 e6 6. Nf3 Be7 7. Qe2 0-0 8. 0-0 Nd7 9. a3 N7b6 10. Bd3 c6 11. c4 Nc7 12. Rd1 Bd7 13. Nc3 Ne8 14. Qe4 f5 15. exf6 Nxf6 16. Qh4 Qe8 17. Bg5 g6 18. Ne5 Bd8 19. Be2 Nh5 20. Bxh5 Bxg5 21. Qxg5 Rf5 22. Qg3 Rxh5 23. Ne4 Rf5 24. Nd6 Qe7 25. Nxf5 exf5 26. Nxd7 Nxd7 27. Qc7 Rd8 28. Re1 Qf6 29. Rad1 1-0

[Event "Rhein Main op-A 24th"]
[Site "Bad Homburg"]
[Date "2022.06.18"]
[Round "5"]
[White "Euler, Gerd"]
[Black "Hornung, Fabian"]
[Result "1/2-1/2"]
[WhiteElo "2274"]
[BlackElo "1786"]
[PlyCount "74"]
[EventDate "2022.06.15"]
[EventType "swiss"]
[EventRounds "7"]
[EventCountry "GER"]
[SourceTitle "EXT 2023"]
[Source "ChessBase"]
[SourceDate "2022.10.05"]
[SourceVersion "1"]
[SourceVersionDate "2022.10.05"]
[SourceQuality "1"]

1. e4 e5 2. Nc3 Nc6 3. f4 exf4 4. d4 Bb4 5. Bc4 Nge7 6. Nf3 d5 7. exd5 Nxd5 8. 0-0 Bxc3 9. bxc3 0-0 10. Bxd5 Qxd5 11. Bxf4 Bg4 12. Bxc7 Rac8 13. Bf4 Na5 14. Qe1 Rfe8 15. Qg3 Bh5 16. Ne5 Nc6 17. h4 Bg6 18. Ng4 Re2 19. Rad1 Rce8 20. c4 Qh5 21. Be5 Nxe5 22. dxe5 Kh8 23. Rd4 Be4 24. Ne3 Bc6 25. Rdf4 h6 26. R1f2 Rxf2 27. Kxf2 Qxe5 28. Rg4 Qxg3+ 29. Rxg3 Rd8 30. Rg4 Kh7 31. c5 g6 32. Rf4 Kg7 33. Ke2 Re8 34. Kd3 Rd8+ 35. Kc3 Re8 36. Kd3 Rd8+ 37. Kc3 Re8 1/2-1/2

[Event "Rhein Main op-A 24th"]
[Site "Bad Homburg"]
[Date "2022.06.15"]
[Round "1"]
[White "Euler, Gerd"]
[Black "Kuhn, Gerhard"]
[Result "1-0"]
[WhiteElo "2274"]
[BlackElo "1972"]
[PlyCount "63"]
[EventDate "2022.06.15"]
[EventType "swiss"]
[EventRounds "7"]
[EventCountry "GER"]
[SourceTitle "EXT 2023"]
[Source "ChessBase"]
[SourceDate "2022.10.05"]
[SourceVersion "1"]
[SourceVersionDate "2022.10.05"]
[SourceQuality "1"]

1. e4 c6 2. d4 d5 3. exd5 cxd5 4. c4 Nf6 5. Nc3 Nc6 6. Bg5 e6 7. Nf3 Be7 8. c5 0-0 9. Rc1 Ne4 10. Bxe7 Qxe7 11. Bb5 Nxc3 12. Rxc3 e5 13. Nxe5 Nxe5 14. dxe5 Qxe5+ 15. Qe2 Qxe2+ 16. Kxe2 Be6 17. Rd1 Rac8 18. Rd4 Rc7 19. b4 a6 20. Bd3 Rfc8 21. Ra3 g6 22. Ke3 Kg7 23. h4 Ra8 24. Rf4 Rc6 25. Kd4 Rac8 26. Rf3 b6 27. Bxa6 bxc5+ 28. bxc5 Rd8 29. Bb7 Rc7 30. c6 Kf8 31. Rab3 Ke7 32. a4 1-0

[Event "Heusenstamm Sparkassen op-A 6th"]
[Site "Heusenstamm"]
[Date "2019.11.23"]
[Round "4"]
[White "Euler, Gerd"]
[Black "Kuzubov, Yuriy"]
[Result "0-1"]
[WhiteElo "2270"]
[BlackElo "2652"]
[PlyCount "112"]
[EventDate "2019.11.21"]
[EventType "swiss"]
[EventRounds "7"]
[EventCountry "GER"]
[SourceTitle "CBM 193 Extra"]
[Source "ChessBase"]
[SourceDate "2020.01.31"]
[SourceVersion "1"]
[SourceVersionDate "2020.01.31"]
[SourceQuality "1"]

1. e4 c6 2. d4 d5 3. f3 Qb6 4. Nc3 dxe4 5. fxe4 e5 6. Nf3 exd4 7. Nxd4 Bc5 8. Na4 Qa5+ 9. Nc3 Nf6 10. Be3 Bb4 11. Bd2 Qb6 12. Nf5 Bxf5 13. exf5 0-0 14. Qf3 Re8+ 15. Be2 Bxc3 16. Bxc3 Ne4 17. 0-0-0 Nxc3 18. bxc3 Qc5 19. Rd4 Na6 20. Bc4 Nc7 21. Qg3 Nd5 22. Bxd5 cxd5 23. f6 g6 24. Re1 Qa3+ 25. Kd2 Qa6 26. Qf4 Rxe1 27. Kxe1 Re8+ 28. Kd2 h5 29. Ra4 Qe2+ 30. Kc1 Qxg2 31. Kb2 Qg1 32. Rd4 Re6 33. h4 Kh7 34. Rb4 Re1 35. Ka3 Rf1 36. Qe5 Qc5 37. Kb2 Qc6 38. Rf4 Qb6+ 39. Rb4 Qxf6 40. Qxd5 b6 41. Qb7 Rf3 42. Rb3 Qf5 43. Qxa7 Rf2 44. Qxb6 Qxc2+ 45. Ka3 Qxa2+ 46. Kb4 Rb2 47. Kc4 g5 48. hxg5 Qxb3+ 49. Qxb3 Rxb3 50. Kxb3 h4 51. c4 h3 52. c5 h2 53. c6 h1Q 54. c7 Qb7+ 55. Ka4 Qxc7 56. g6+ Kxg6 0-1

[Event "Rhein Main op-A 22nd"]
[Site "Bad Homburg"]
[Date "2019.06.23"]
[Round "7"]
[White "Chandler, Patrick"]
[Black "Euler, Gerd"]
[Result "0-1"]
[WhiteElo "2095"]
[BlackElo "2275"]
[PlyCount "62"]
[EventDate "2019.06.19"]
[EventType "swiss"]
[EventRounds "9"]
[EventCountry "GER"]
[SourceTitle "EXT 2020"]
[Source "ChessBase"]
[SourceDate "2019.10.17"]
[SourceVersion "1"]
[SourceVersionDate "2019.10.17"]
[SourceQuality "1"]

1. d4 Nf6 2. Nf3 c5 3. c3 e6 4. e3 b6 5. Nbd2 Bb7 6. Bd3 d5 7. Ne5 g6 8. f4 Bg7 9. Qf3 Nbd7 10. 0-0 0-0 11. Qh3 Nxe5 12. dxe5 Ne4 13. Nxe4 dxe4 14. Be2 a5 15. Rd1 Qc7 16. Bd2 Rfd8 17. Be1 c4 18. Bh4 Rd3 19. Bxd3 exd3 20. Rd2 b5 21. Rc1 Qc5 22. Bf2 Be4 23. Qg4 Qd5 24. h3 h5 25. Qg5 Rc8 26. Kh2 b4 27. g4 hxg4 28. hxg4 a4 29. Qe7 Bf8 30. Qh4 a3 31. bxa3 bxc3 0-1

[Event "Rhein Main op-A 22nd"]
[Site "Bad Homburg"]
[Date "2019.06.19"]
[Round "1"]
[White "Euler, Gerd"]
[Black "Kutzner, Joachim"]
[Result "1-0"]
[WhiteElo "2275"]
[BlackElo "1984"]
[PlyCount "73"]
[EventDate "2019.06.19"]
[EventType "swiss"]
[EventRounds "9"]
[EventCountry "GER"]
[SourceTitle "EXT 2020"]
[Source "ChessBase"]
[SourceDate "2019.10.17"]
[SourceVersion "1"]
[SourceVersionDate "2019.10.17"]
[SourceQuality "1"]

1. e4 e6 2. d4 d5 3. Nc3 Bb4 4. e5 c5 5. a3 Bxc3+ 6. bxc3 Qc7 7. Nf3 Ne7 8. a4 Nbc6 9. Be2 Na5 10. h4 b6 11. h5 h6 12. Rh4 Bd7 13. Kf1 0-0-0 14. dxc5 bxc5 15. Rb1 c4 16. Rf4 Nb7 17. Rxf7 Nc6 18. Nd4 Nxd4 19. cxd4 Rhg8 20. Bg4 Qc6 21. Ba3 Rde8 22. Qc1 g6 23. Qb2 gxh5 24. Bh3 Rd8 25. Bd6 c3 26. Qb4 a5 27. Qxb7+ Qxb7 28. Rxb7 Kxb7 29. Bxe6 Kc6 30. Rxd7 Rxd7 31. Bxg8 Rb7 32. Ke2 Rg7 33. Be6 Rxg2 34. Kf1 Rg6 35. Bf7 Rg4 36. Bf8 h4 37. e6 1-0

[Event "Hofheim Spring op 7th"]
[Site "Hofheim"]
[Date "2019.04.27"]
[Round "9"]
[White "Vakulenko, Aleksandr"]
[Black "Euler, Gerd"]
[Result "1-0"]
[WhiteElo "2055"]
[BlackElo "2292"]
[PlyCount "147"]
[EventDate "2019.04.23"]
[EventType "swiss"]
[EventRounds "9"]
[EventCountry "GER"]
[SourceTitle "CBM 190 Extra"]
[Source "ChessBase"]
[SourceDate "2019.07.15"]
[SourceVersion "1"]
[SourceVersionDate "2019.07.15"]
[SourceQuality "1"]

1. d4 f5 2. Nf3 Nf6 3. g3 g6 4. Bg2 Bg7 5. 0-0 0-0 6. b3 d6 7. Bb2 Ne4 8. Nbd2 c5 9. e3 Nc6 10. c4 Qa5 11. Nxe4 fxe4 12. Ne1 cxd4 13. exd4 d5 14. cxd5 Qxd5 15. Nc2 Bf5 16. Re1 Rad8 17. g4 Bc8 18. Rxe4 Qg5 19. Qe2 Rf4 20. Bc1 Rxe4 21. Qc4+ Be6 22. Bxg5 Bxc4 23. Bxe4 Be2 24. Re1 Bxg4 25. d5 Ne5 26. Bxe7 Rd7 27. d6 Nf3+ 28. Bxf3 Bxf3 29. Na3 Bd5 30. Nb5 b6 31. Nc7 Bf7 32. Rd1 Be5 33. Na6 Be8 34. Nb8 Rb7 35. d7 Bxd7 36. Nxd7 Bc7 37. Bd6 Kf7 38. Ne5+ Ke6 39. Bxc7 Rxc7 40. Nc4 b5 41. Ne3 Rc5 42. h4 a5 43. Kg2 a4 44. bxa4 bxa4 45. Rd4 Ra5 46. a3 Ke5 47. Rb4 Kf6 48. Nc4 Ra7 49. Nb2 h5 50. Rxa4 Rc7 51. Rc4 Rb7 52. Nd1 Rb3 53. a4 Ra3 54. Nc3 Ra1 55. Rc5 Ra3 56. a5 Ra1 57. Rc6+ Kf5 58. a6 Kg4 59. Nb5 g5 60. a7 gxh4 61. Rg6+ Kf4 62. Rg8 h3+ 63. Kxh3 Kf3 64. a8Q+ Rxa8 65. Rxa8 h4 66. Kxh4 Kg2 67. f4 Kh1 68. Ra2 Kg1 69. f5 Kf1 70. f6 Ke1 71. f7 Kf1 72. f8Q+ Ke1 73. Qf2+ Kd1 74. Qd2# 1-0

[Event "Hofheim Spring op 7th"]
[Site "Hofheim"]
[Date "2019.04.26"]
[Round "7"]
[White "Euler, Gerd"]
[Black "Chekletsov, Ilya"]
[Result "0-1"]
[WhiteElo "2292"]
[BlackElo "2373"]
[PlyCount "42"]
[EventDate "2019.04.23"]
[EventType "swiss"]
[EventRounds "9"]
[EventCountry "GER"]
[SourceTitle "CBM 190 Extra"]
[Source "ChessBase"]
[SourceDate "2019.07.15"]
[SourceVersion "1"]
[SourceVersionDate "2019.07.15"]
[SourceQuality "1"]

1. e4 c5 2. Nf3 d6 3. d4 cxd4 4. Nxd4 Nf6 5. Nc3 g6 6. Be3 Bg7 7. f3 0-0 8. Qd2 Nc6 9. g4 Be6 10. 0-0-0 Nxd4 11. Bxd4 Qa5 12. a3 Rab8 13. h4 b5 14. h5 Rfc8 15. hxg6 hxg6 16. Qg5 a6 17. Rd2 Qc7 18. e5 dxe5 19. Bxe5 Qc6 20. Ne4 Nxe4 21. Rh8+ Bxh8 0-1

[Event "Karlsruhe Grenke op"]
[Site "Karlsruhe"]
[Date "2019.04.20"]
[Round "4"]
[White "Mesaros, Florian"]
[Black "Euler, Gerd"]
[Result "0-1"]
[WhiteElo "2447"]
[BlackElo "2292"]
[PlyCount "88"]
[EventDate "2019.04.18"]
[EventType "swiss"]
[EventRounds "9"]
[EventCountry "GER"]
[SourceTitle "CBM 189 Extra"]
[Source "ChessBase"]
[SourceDate "2019.06.03"]
[SourceVersion "1"]
[SourceVersionDate "2019.06.03"]
[SourceQuality "1"]

1. Nf3 f5 2. d4 Nf6 3. c4 g6 4. Nc3 Bg7 5. Bf4 d6 6. e3 0-0 7. c5 c6 8. Bc4+ d5 9. Be2 b6 10. b4 bxc5 11. bxc5 Qa5 12. Qd2 Ba6 13. Bxa6 Qxa6 14. Ng5 Qc8 15. h4 h6 16. Nf3 Ng4 17. 0-0 Nd7 18. Bg3 Qe8 19. Ne1 e5 20. Nc2 g5 21. hxg5 hxg5 22. f3 Nxe3 23. Nxe3 exd4 24. Nexd5 dxc3 25. Nxc3 f4 26. Rae1 Ne5 27. Bf2 Rd8 28. Qc2 Qh5 29. Ne4 g4 30. fxg4 Qxg4 31. Qb3+ Kh8 32. Rd1 f3 33. Ng3 Rb8 34. Qe3 Nc4 35. Qe4 Rf4 36. Qxc6 Ne5 37. Qd5 Qh4 38. Ne4 Qh7 39. Ng5 Qg6 40. Qd6 Qxg5 41. g3 Rbf8 42. Rd4 Rxd4 43. Qxd4 Ng4 44. Qd6 Qh5 0-1

[Event "Heusenstamm Sparkassen op-A 5th"]
[Site "Heusenstamm"]
[Date "2018.11.23"]
[Round "3"]
[White "Hoffmann, Matthias"]
[Black "Euler, Gerd"]
[Result "0-1"]
[WhiteElo "2024"]
[BlackElo "2297"]
[PlyCount "142"]
[EventDate "2018.11.22"]
[EventType "swiss"]
[EventRounds "7"]
[EventCountry "GER"]
[SourceTitle "CBM 188 Extra"]
[Source "ChessBase"]
[SourceDate "2019.02.26"]
[SourceVersion "1"]
[SourceVersionDate "2019.02.26"]
[SourceQuality "1"]

1. e4 c5 2. Nf3 d6 3. d4 cxd4 4. Nxd4 Nf6 5. Nc3 g6 6. Be3 Bg7 7. f3 0-0 8. Qd2 Nc6 9. 0-0-0 d5 10. Qe1 e5 11. Nxc6 bxc6 12. exd5 Nxd5 13. Bc5 Bh6+ 14. Kb1 Nxc3+ 15. bxc3 Rb8+ 16. Ka1 Qa5 17. Bxf8 Be6 18. c4 Qxe1 19. Rxe1 Bd2 20. a4 Bxe1 21. Bc5 Bc3+ 22. Ka2 a5 23. Bd3 Rb2+ 24. Ka3 f5 25. Rd1 Rb7 26. Bf1 Kf7 27. Rd8 Rb1 28. Be2 e4 29. fxe4 fxe4 30. Rf8+ Kg7 31. Re8 Kf6 32. Bf2 Kf7 33. Ra8 Bd2 34. Ra7+ Kf6 35. Ka2 Rh1 36. h3 h5 37. Ra8 Ke5 38. Bg3+ Kd4 39. Bf2+ e3 40. Rd8+ Ke5 41. Bg3+ Kf6 42. Rf8+ Ke7 43. Rf1 Rxf1 44. Bxf1 Bf5 45. Kb3 c5 46. Be5 Ke6 47. Bc7 Be4 48. c3 h4 49. g3 Be1 50. gxh4 Bf3 51. Bxa5 Bxh4 52. Bb6 Kd6 53. Ba7 Bd1+ 54. Kb2 e2 55. Bxe2 Bxe2 56. Bb8+ Kc6 57. Bh2 Bxc4 58. Bg1 Bf1 59. a5 Bxh3 60. a6 Be7 61. Kb3 Kb6 62. a7 Kxa7 63. Kc4 Be6+ 64. Kb5 Bd7+ 65. Kc4 Kb6 66. Kd5 g5 67. Bf2 g4 68. Bg3 Kb5 69. Bf2 c4 70. Ke4 Ka4 71. Bd4 Kb3 0-1

[Event "Vellmar op 10th"]
[Site "Vellmar"]
[Date "2018.07.15"]
[Round "7"]
[White "Euler, Gerd"]
[Black "Hahn, Florian"]
[Result "1-0"]
[WhiteElo "2307"]
[BlackElo "2189"]
[PlyCount "61"]
[EventDate "2018.07.12"]
[EventType "swiss"]
[EventRounds "7"]
[EventCountry "GER"]
[SourceTitle "CBM 185 Extra"]
[Source "ChessBase"]
[SourceDate "2018.07.29"]
[SourceVersion "1"]
[SourceVersionDate "2018.07.29"]
[SourceQuality "1"]

1. d4 Nf6 2. Bg5 g6 3. Nc3 d5 4. Qd2 Bg7 5. Bh6 0-0 6. Bxg7 Kxg7 7. 0-0-0 Be6 8. h4 c5 9. h5 cxd4 10. Qxd4 Qa5 11. hxg6 fxg6 12. Qe3 Qb6 13. Qh6+ Kg8 14. e4 d4 15. Nce2 Nc6 16. e5 Nxe5 17. Nxd4 Bc4 18. Ngf3 Bxf1 19. Nxe5 Rfd8 20. c3 Bxg2 21. Rhg1 Be4 22. Nxg6 hxg6 23. Rxg6+ Bxg6 24. Qxg6+ Kf8 25. Rh1 e5 26. Rh8+ Ke7 27. Qg7+ Kd6 28. Qxf6+ Kd5 29. Qf7+ Kc5 30. b4+ Kd6 31. Rh6# 1-0